000 00378nam a22001697a 4500
003 NUST
020 _a9197229930
038 _aKhadija
082 _a671.53
_bMOD
100 _aSandvik
_986816
245 _aModern Metal Cutting
260 _aNew York :
_bSandvik Coromant,
_c1996.
300 _a(i-v) p. ;
_b22 cm.
500 _aHardcover.
563 _aHB
942 _cBK
_2ddc
999 _c33620
_d33620